[Event "Gap op 2nd"]
[Site "Gap"]
[Date "2008.04.14"]
[Round "1"]
[White "Philippe, Christophe"]
[Black "Bermond, Clement"]
[Result "1-0"]
[WhiteElo "2407"]
[BlackElo "1676"]
[PlyCount "47"]
[EventDate "2008.04.14"]
[EventType "swiss"]
[EventRounds "9"]
[EventCountry "FRA"]
[SourceTitle "CBM 123 Extra"]
[Source "ChessBase"]
[SourceDate "2008.05.06"]
[SourceVersion "1"]
[SourceVersionDate "2008.05.06"]
[SourceQuality "1"]

1. e4 b6 2. d4 Bb7 3. Nc3 Nf6 4. Bd3 e6 5. Nge2 d5 6. e5 Nfd7 7. Nf4 g6 8. Nce2 Ba6 9. h4 c5 10. c3 cxd4 11. cxd4 Bb4+ 12. Kf1 Bxd3 13. Nxd3 Be7 14. Bh6 Bf8 15. Qd2 Nc6 16. h5 Bxh6 17. Qxh6 Qe7 18. Rc1 Rc8 19. hxg6 fxg6 20. Ndf4 Nf8 21. Rh3 Rc7 22. Rhc3 Kd7 23. Qh3 a6 24. Nxd5 1-0